00377nam a2200157Ia 4500003000500000008004100005020001800046040001900064082000700083100000900090245004500099246002300144260002900167300000900196546001400205STCL181203s9999 xx 000 0 und d a9788126427871 aSTCLbENcSTCL 222 aMali 0aപുരാണ കഥാമാലിക aPurana Kadhamalika bDC BooksaKottayamc2017 a1110 aMalayalam